The Near East since the First World War /

محفوظ في:

المؤلف الرئيسي: Yapp, Malcolm (مؤلف)

التنسيق: كتاب

اللغة: English

منشور في: London ; New York : Longman, 1991.

سلاسل: A History of the Near East.

الموضوعات:

الوسوم: إضافة وسم

لا توجد وسوم, كن أول من يضع وسما على هذه التسجيلة!

رقم الطلب: DS62.4 .Y36 1991

LEADER 00714namaa2200241 4500
001 20839
003 OSt
005 20260127114255.0
008 130303s1991 enkb b 001 0 eng d
020 |a 0582494990 
040 |c ARCE Library 
043 |a aw----- 
050 4 |a DS62.4 .Y36 1991 
100 1 |a Yapp, Malcolm,  |e author  |9 42457 
245 1 4 |a The Near East since the First World War /  |c M. E. Yapp. 
264 1 |a London ;  |a New York :  |b Longman,  |c 1991. 
300 |a xvii, 526 pages :   |b maps ;  |c 23 cm. 
490 0 |a A History of the Near East. 
504 |a Includes bibliographical references and index. 
651 0 |a Middle East  |x History  |y 20th century. 
901 |a reviewed 
942 |c BK  |2 lcc 
999 |c 17269  |d 17269